000 00874nam a2200289Ia 4500
003 OSt
005 20220925221734.0
006 a|||||r|||| 00| 0
007 ta
008 220923b |||||||| |||| 00| 0 eng d
037 _cGeneral Book
040 _aRTL
_cRTL
_beng
041 _2eng
_aeng
082 _aW, L1
100 _aChristenson Reo
_9287019
245 0 _aIdeologies and modern politics
260 _aLondon
_bNelson
_c1971
300 _avi, 320p
_ccm.
490 _aNelson's University Paperbacks
500 _aBibliography at the end of each chapter
650 _aPolitical Science
700 _a Engel Alan S
_9287020
700 _a Jacobs Dan N
_9287021
700 _a Rejal Mostafa
_9287022
942 _hW, L1
_cGB
_2CC
999 _c575223
_d575223